000 00619nam a22001937a 4500
003 OSt
005 20210205121837.0
008 210205b ||||| |||| 00| 0 eng d
020 _a9781451190786
040 _cPHNSL
245 _aBratton's family medicine :
_bboard review /
_ceditors, Robert A. Baldor ... [et al].
250 _a5th ed.
260 _aPhiladelphia :
_bWolters Kluwer Health,
_c2014.
300 _axix, 356 p. :
_bill.
504 _aIncludes bibliographical references and index
650 _2Examination questions
_vFamily medicine
_xFamily practice
700 _aBaldor, Robert A. (ed.)
942 _2lcc
_cBK
999 _c32
_d32